Luminous harmony : (Record no. 63587)

MARC details
000 -LEADER
fixed length control field 02031nam a22003137a 4500
005 - DATE AND TIME OF LATEST TRANSACTION
control field 2012022905125.0
010 ## - LCCN (DPL NO)
LC control number ENG-104831 B-457583-587
020 ## - INTERNATIONAL STANDARD BOOK NUMBER
International Standard Book Number 9788189738938
Terms of availability 2495.00
035 ## - SYSTEM CONTROL NUMBER
System control number EN-88364 B-457583-587
037 ## - SOURCE OF ACQUISITION
Source of stock number/acquisition DBAD/PUB
037 ## - SOURCE OF ACQUISITION
Source of stock number/acquisition K.K.Pub/Ven
082 ## - DEWEY DECIMAL CLASSIFICATION NUMBER
Classification number 700.954
100 ## - MAIN ENTRY--PERSONAL NAME
Personal name Banerjee, Utpal K.
Dates associated with a name 1935-
Fuller form of name (Utpal Kumar)
245 ## - TITLE STATEMENT
Title Luminous harmony :
Statement of responsibility, etc by Utpal K. Banerjee ; edited by Navkala Roy [and] Ritu Khanna ; foreworded by Karan Singh
Remainder of title Indian art and culture /
260 ## - PUBLICATION, DISTRIBUTION, ETC. (IMPRINT)
Place of publication, distribution, etc New Delhi
Name of publisher, distributor, etc Niyogi Books
Date of publication, distribution, etc 2011
270 ## - ADDRESS
Address D-78, Okhla Industrial Area, Phase-I
City New Delhi
Postal code 110020
300 ## - PHYSICAL DESCRIPTION
Extent 232p. :
Dimensions 29cm(Hb)
Other physical details ill. (chiefly col.)
500 ## - GENERAL NOTE
General note Includes index
700 ## - ADDED ENTRY--PERSONAL NAME
Personal name Roy, Navkala
9 (RLIN) 43197
700 ## - ADDED ENTRY--PERSONAL NAME
Personal name Khanna,Ritu
9 (RLIN) 43198
942 ## - ADDED ENTRY ELEMENTS (KOHA)
Source of classification or shelving scheme Dewey Decimal Classification
Item type English Books
Classification part 700.954
Call number suffix BAN
Holdings
Withdrawn status Lost status Not for loan Collection code Home library Current library Date acquired Source of acquisition Cost, normal purchase price Full call number Barcode Copy number Cost, replacement price Koha item type
    Not For Loan Reference Central Library Central Library 28/08/2012 K.K.Pub/1657/24.01.2012/25/24.01.2012/06.02.2012 2495.00 700.954 BAN B-457583 1 2495.00 English Books
    Not For Loan Non-fiction D.B.Act.Division D.B.Act.Division 29/02/2012 DBAD/PUB 2495.00 700.954 BAN EN-88364 1 2495.00 English Books
    Not For Loan Reference Karol Bagh Karol Bagh 28/08/2012 K.K.Pub/1657/24.01.2012/25/24.01.2012/06.02.2012 2495.00 700.954 BAN B-457586 1 2495.00 English Books
    Not For Loan Reference Patel Nagar Patel Nagar 28/08/2012 K.K.Pub/1657/24.01.2012/25/24.01.2012/06.02.2012 2495.00 700.954 BAN B-457584 1 2495.00 English Books
    Not For Loan Reference Sarojini Nagar Sarojini Nagar 28/08/2012 K.K.Pub/1657/24.01.2012/25/24.01.2012/06.02.2012 2495.00 700.954 BAN B-457585 1 2495.00 English Books
    Not For Loan Reference Shahdara Branch Shahdara Branch 28/08/2012 K.K.Pub/1657/24.01.2012/25/24.01.2012/06.02.2012 2495.00 700.954 BAN B-457587 1 2495.00 English Books

© Delhi Public Library
Hit Counter
free hit counter